[Event "Vrsar Spring op"]
[Site "Vrsar"]
[Date "2024.04.01"]
[Round "2"]
[White "Cvitkovic, Filip"]
[Black "Novak, Ivo"]
[Result "1-0"]
[WhiteElo "2119"]
[BlackElo "1933"]
[PlyCount "99"]
[EventDate "2024.04.01"]
[EventType "swiss"]
[EventRounds "9"]
[EventCountry "CRO"]
[SourceTitle "CB16_2024"]
[SourceDate "2024.04.17"]
[SourceVersion "1"]
[SourceVersionDate "2024.04.17"]
[SourceQuality "1"]

1. d4 Nf6 2. c4 g6 3. Nc3 Bg7 4. e4 d6 5. h3 0-0 6. Be3 e5 7. d5 a5 8. g4 Na6 9. Qd2 Nd7 10. Nge2 Ndc5 11. Ng3 c6 12. 0-0-0 cxd5 13. cxd5 Nc7 14. Kb1 Bd7 15. f3 b5 16. h4 b4 17. Nce2 Nb5 18. h5 Rb8 19. Rc1 Qe7 20. g5 Nd4 21. Nxd4 exd4 22. Bxd4 Bxd4 23. Qxd4 Qxg5 24. Ne2 Rfe8 25. Bh3 Bxh3 26. Rxh3 Qe5 27. Qxe5 Rxe5 28. hxg6 fxg6 29. Nd4 Rg5 30. Nc6 Rb5 31. Ne7+ Kg7 32. Nc8 Nd3 33. Nxd6 Nxc1 34. Nxb5 Rg1 35. Kc2 h5 36. d6 Kf7 37. f4 a4 38. e5 b3+ 39. axb3 Nxb3 40. Re3 Rc1+ 41. Kd3 Nc5+ 42. Kd2 Rc4 43. Nc7 Ne6 44. Nxe6 Kxe6 45. Rd3 Rc8 46. Rd4 g5 47. d7 Rd8 48. Rd6+ Ke7 49. fxg5 h4 50. Ke3 1-0

[Event "Vrsar op"]
[Site "Vrsar"]
[Date "2023.04.27"]
[Round "3"]
[White "Novak, Ivo"]
[Black "Poecksteiner, Johann"]
[Result "1-0"]
[WhiteElo "1861"]
[BlackElo "2110"]
[PlyCount "51"]
[EventDate "2023.04.25"]
[EventType "swiss"]
[EventRounds "9"]
[EventCountry "CRO"]
[SourceTitle "CBM 214 Extra"]
[Source "ChessBase"]
[SourceDate "2023.07.31"]
[SourceVersion "1"]
[SourceVersionDate "2023.07.31"]
[SourceQuality "1"]

1. e4 c5 2. Nf3 Nc6 3. d4 cxd4 4. Nxd4 Nf6 5. Nc3 e5 6. Ndb5 d6 7. Bg5 a6 8. Na3 b5 9. Nd5 Be7 10. Bxf6 Bxf6 11. c3 Bg5 12. Nc2 0-0 13. a4 Rb8 14. axb5 axb5 15. Bd3 g6 16. Qe2 f5 17. Bxb5 Ne7 18. Bc4 Kh8 19. Ncb4 Nxd5 20. Bxd5 Qb6 21. h4 Bh6 22. h5 g5 23. Qe3 Qb5 24. Qa7 Bb7 25. Ra5 Qd7 26. Na6 1-0

[Event "Hum na Sutli op 14th"]
[Site "Hum na Sutli"]
[Date "2022.08.22"]
[Round "5"]
[White "Novak, Ivo"]
[Black "Krnic, Ivan"]
[Result "0-1"]
[WhiteElo "1930"]
[BlackElo "1995"]
[PlyCount "52"]
[EventDate "2022.08.20"]
[EventType "swiss"]
[EventRounds "9"]
[EventCountry "CRO"]
[SourceTitle "CBM 210 Extra"]
[Source "ChessBase"]
[SourceDate "2022.11.30"]
[SourceVersion "1"]
[SourceVersionDate "2022.11.30"]
[SourceQuality "1"]

1. e4 e5 2. Nf3 Nc6 3. Bc4 Nf6 4. d3 h6 5. c3 g5 6. Be3 Bg7 7. Nbd2 0-0 8. 0-0 d5 9. exd5 Nxd5 10. a4 Nxe3 11. fxe3 Na5 12. e4 g4 13. Ne1 Qg5 14. Nc2 Nxc4 15. Nxc4 f5 16. N2e3 f4 17. Nd5 Rf7 18. Qb3 c6 19. Nde3 Be6 20. Nf5 Rd8 21. Nxg7 Kxg7 22. Rad1 f3 23. Qb4 Bxc4 24. Qxc4 Qe3+ 25. Rf2 Rd6 26. gxf3 Rxf3 0-1

[Event "Zagreb Hulak Memorial op 3rd"]
[Site "Zagreb"]
[Date "2018.12.01"]
[Round "1"]
[White "Plenca, Jadranko"]
[Black "Novak, Ivo"]
[Result "1-0"]
[WhiteElo "2475"]
[BlackElo "1956"]
[PlyCount "31"]
[EventDate "2018.12.01"]
[EventType "swiss"]
[EventRounds "9"]
[EventCountry "CRO"]
[SourceTitle "CBM 187 Extra"]
[Source "ChessBase"]
[SourceDate "2018.11.04"]
[SourceVersion "1"]
[SourceVersionDate "2018.11.04"]
[SourceQuality "1"]

1. e4 c5 2. Nf3 d6 3. Bb5+ Nc6 4. 0-0 Bd7 5. Re1 Nf6 6. h3 a6 7. Bf1 e5 8. c3 g5 9. Nxg5 Rg8 10. d4 cxd4 11. cxd4 h6 12. dxe5 dxe5 13. Nxf7 Kxf7 14. Bc4+ Be6 15. Bxe6+ Kxe6 16. Qb3+ 1-0

[Event "Porec op 12th"]
[Site "Porec"]
[Date "2012.12.06"]
[Round "2"]
[White "Novak, Ivo"]
[Black "Bradaric, Ratomir"]
[Result "1-0"]
[WhiteElo "1777"]
[BlackElo "2000"]
[PlyCount "101"]
[EventDate "2012.12.06"]
[EventType "swiss"]
[EventRounds "7"]
[EventCountry "CRO"]
[SourceTitle "CBM 151 Extra"]
[Source "ChessBase"]
[SourceDate "2012.12.18"]
[SourceVersion "1"]
[SourceVersionDate "2012.12.18"]
[SourceQuality "1"]

1. d4 d5 2. Nf3 Nf6 3. e3 Bg4 4. Nbd2 e6 5. Bd3 Nbd7 6. c4 c6 7. 0-0 Be7 8. Qc2 0-0 9. b3 h6 10. Bb2 a6 11. Rfe1 Bd6 12. h3 Bxf3 13. Nxf3 Nh5 14. e4 Bf4 15. Rad1 Qf6 16. e5 Qe7 17. g4 Nhf6 18. exf6 Qxf6 19. Ne5 Nxe5 20. dxe5 Qh4 21. Kg2 h5 22. Qe2 Qg5 23. Qf3 Rad8 24. Kh1 h4 25. Bc1 Bxc1 26. Rxc1 dxc4 27. Bxc4 Rd4 28. Qe3 Qd8 29. Rc3 c5 30. a4 a5 31. Rd3 Qb6 32. Red1 Rfd8 33. Rxd4 cxd4 34. Qg5 d3 35. Bxd3 Rd5 36. Qxh4 Qxb3 37. Bh7+ Kf8 38. Rxd5 Qxd5+ 39. Kg1 Qd1+ 40. Kh2 Qd5 41. Kg1 Qd1+ 42. Kg2 Qxa4 43. Qd8+ Qe8 44. Qd6+ Qe7 45. Qb8+ Qe8 46. Qxb7 a4 47. Qb4+ Qe7 48. Qxe7+ Kxe7 49. Bb1 Kd7 50. f4 g6 51. h4 1-0

[Event "Zlatni Rat op 2nd"]
[Site "Bol"]
[Date "2011.09.13"]
[Round "5"]
[White "Novak, Ivo"]
[Black "Protic, Rade"]
[Result "1-0"]
[WhiteElo "1753"]
[BlackElo "1440"]
[PlyCount "73"]
[EventDate "2011.09.10"]
[EventType "swiss"]
[EventRounds "9"]
[EventCountry "CRO"]
[SourceTitle "CBM 144 Extra"]
[Source "ChessBase"]
[SourceDate "2011.10.28"]
[SourceVersion "1"]
[SourceVersionDate "2011.10.28"]
[SourceQuality "1"]

1. d4 d5 2. Nf3 Nf6 3. c4 e6 4. Nc3 Bb4 5. Bg5 c6 6. cxd5 exd5 7. Qb3 Be7 8. e3 b6 9. Rc1 0-0 10. Bd3 Be6 11. Qc2 g6 12. Ne5 Kg7 13. 0-0 Nfd7 14. Bxe7 Qxe7 15. Nxd7 Nxd7 16. Na4 Rac8 17. Qd2 f5 18. Rc2 c5 19. Ba6 Rc7 20. dxc5 Nxc5 21. Qd4+ Qf6 22. Nxc5 bxc5 23. Rxc5 Rxc5 24. Qxc5 Rf7 25. b3 Qe5 26. Rc1 Qb2 27. Qc3+ Qxc3 28. Rxc3 f4 29. exf4 Rxf4 30. Rc7+ Kh6 31. Rxa7 Rd4 32. Be2 Rd2 33. Kf1 Rd4 34. Ke1 Rb4 35. Bd3 Bf5 36. Bxf5 gxf5 37. Rd7 1-0

[Event "Zlatni Rat op 2nd"]
[Site "Bol"]
[Date "2011.09.12"]
[Round "4"]
[White "Schmitz, Manuela"]
[Black "Novak, Ivo"]
[Result "1-0"]
[WhiteElo "2045"]
[BlackElo "1753"]
[PlyCount "55"]
[EventDate "2011.09.10"]
[EventType "swiss"]
[EventRounds "9"]
[EventCountry "CRO"]
[SourceTitle "CBM 144 Extra"]
[Source "ChessBase"]
[SourceDate "2011.10.28"]
[SourceVersion "1"]
[SourceVersionDate "2011.10.28"]
[SourceQuality "1"]

1. d4 d5 2. Nf3 Nf6 3. c4 c6 4. Nc3 e6 5. Bg5 h6 6. Bxf6 Qxf6 7. Qc2 Nd7 8. e4 Qg6 9. 0-0-0 dxe4 10. Nxe4 Be7 11. Bd3 Qxg2 12. Qe2 Qg4 13. Rhg1 Qf4+ 14. Kb1 g6 15. Rg2 Nb6 16. Rdg1 Bd7 17. Ne5 h5 18. Rg3 Qh6 19. Ng5 Bxg5 20. Rxg5 Rf8 21. d5 cxd5 22. cxd5 0-0-0 23. Nxd7 Rxd7 24. dxe6 Rc7 25. exf7 Rcxf7 26. Qe5 Rc7 27. Bxg6 Nd7 28. Bf5 1-0

[Event "Bol op"]
[Site "Bol"]
[Date "2010.09.19"]
[Round "8"]
[White "Tortorella, Giancarlo"]
[Black "Novak, Ivo"]
[Result "1-0"]
[WhiteElo "1793"]
[BlackElo "1782"]
[PlyCount "39"]
[EventDate "2010.09.14"]
[EventType "swiss"]
[EventRounds "9"]
[EventCountry "CRO"]
[SourceTitle "CBM 138 Extra"]
[Source "ChessBase"]
[SourceDate "2010.10.29"]
[SourceVersion "1"]
[SourceVersionDate "2010.10.29"]
[SourceQuality "1"]

1. e4 c5 2. d4 cxd4 3. c3 dxc3 4. Nxc3 Nc6 5. Bc4 d6 6. Nf3 Nf6 7. h3 g6 8. 0-0 Bg7 9. Qe2 0-0 10. Rd1 e5 11. Nb5 Ne8 12. Bg5 Bf6 13. Bh6 Bg7 14. Qd2 a6 15. Bxg7 Kxg7 16. Nxd6 Nxd6 17. Qxd6 f6 18. Qc5 Qe7 19. Rd6 f5 20. Rxc6 1-0

[Event "Bol op"]
[Site "Bol"]
[Date "2010.09.17"]
[Round "5"]
[White "Novak, Ivo"]
[Black "Luijpen, Michiel"]
[Result "0-1"]
[WhiteElo "1782"]
[BlackElo "2060"]
[PlyCount "46"]
[EventDate "2010.09.14"]
[EventType "swiss"]
[EventRounds "9"]
[EventCountry "CRO"]
[SourceTitle "CBM 138 Extra"]
[Source "ChessBase"]
[SourceDate "2010.10.29"]
[SourceVersion "1"]
[SourceVersionDate "2010.10.29"]
[SourceQuality "1"]

1. d4 Nf6 2. c4 g6 3. Nc3 d5 4. cxd5 Nxd5 5. e4 Nxc3 6. bxc3 Bg7 7. Nf3 c5 8. Bb5+ Bd7 9. Rb1 0-0 10. 0-0 cxd4 11. cxd4 Bg4 12. Be2 Nc6 13. Rxb7 Bxf3 14. Bxf3 Nxd4 15. Bg4 Qa5 16. Rd7 e5 17. Qd2 Qa4 18. Rd5 h5 19. Bd1 Qc4 20. Ba3 Rfd8 21. Rxd8+ Rxd8 22. Qa5 Rd7 23. Qa4 Ne2+ 0-1